Študijné programy Fakulty hospodárskej informatiky Ekonomická univerzita v Bratislave 2006/2007

Na minha lista:
Detalhes bibliográficos
Autor Corporativo: Ekonomická univerzita v Bratislave. Fakulta hospodárskej informatiky
Outros Autores: Brezina, Ivan, 1963-, Kordošová, Elena
Formato: Livro
Idioma:eslovaco
Publicado em: Bratislava Vydavateľstvo EKONÓM 2006
Assuntos:
Tags: Adicionar Tag
Sem tags, seja o primeiro a adicionar uma tag!

MARC

LEADER 00000nam$a2200000$$$4500
001 0052014
005 20230307090512.3
020 |a 80-225-2208-2 
041 0 |a slo 
044 |a SK 
245 1 0 |a Študijné programy Fakulty hospodárskej informatiky  |b Ekonomická univerzita v Bratislave 2006/2007  |c zostavili: Ivan Brezina, Elena Kordošová 
264 1 |a Bratislava  |b Vydavateľstvo EKONÓM  |c 2006 
300 |a 161 s. 
610 2 0 |a programy študijné 
610 2 0 |a univerzity 
610 2 0 |a vzdelávanie vysokoškolské 
700 1 |a Brezina, Ivan, 1963- 
700 1 |a Kordošová, Elena 
710 2 |a Ekonomická univerzita v Bratislave. Fakulta hospodárskej informatiky